| 000 | 01017naa a2200289 c 4500 | ||
|---|---|---|---|
| 001 | 26453 | ||
| 003 | ES-MaCES | ||
| 005 | 19981124120700.0 | ||
| 008 | 940216n1993 sp ||| | spa d | ||
| 035 | _aCES19980003878v | ||
| 040 |
_aES-MaCES _bspa _cES-MaCES |
||
| 100 | 1 |
_aAlonso García, Ricardo _96018 |
|
| 245 | 1 | 0 |
_aDe nuevo sobre el Derecho comunitario, el personal de alta dirección y el Fondo de Garantía Salarial _cRicardo Alonso García |
| 650 | 4 |
_aderecho comunitario _929866 |
|
| 650 | 4 |
_aEspaña _926964 |
|
| 650 | 4 |
_aaplicación _929859 |
|
| 650 | 4 |
_aDirectiva de la CE _929873 |
|
| 650 | 4 |
_aFOGASA _930871 |
|
| 650 | 4 |
_asalario _928387 |
|
| 650 | 4 |
_aquiebra _928275 |
|
| 650 | 4 |
_aalta dirección _928192 |
|
| 653 | 1 | 0 | _aDerecho del trabajo y Seguridad Social |
| 773 | 0 |
_tRevista española de Derecho del trabajo _gMadrid. - N. 57 (en.-feb. 1993) ; p. 43-59 _w(ES-MaCES)25060 |
|
| 902 | _aART Artículo de revista | ||
| 942 |
_2CES _cAR _h6.0.1. |
||
| 999 |
_c26453 _d26453 |
||